| 000 | 00944cad a22002295a 4500 | ||
|---|---|---|---|
| 001 | E146324 | ||
| 008 | 090109s2008 xxk f s000 0 eng d | ||
| 020 | _a9780755919246 | ||
| 035 | _a(Sirsi) u146324 | ||
| 041 | 0 | _aeng | |
| 050 | 0 | 4 | _a627.1 $2 18 |
| 110 | 2 |
_aEntec UK Limited _95684 |
|
| 245 | 0 | 0 |
_aImpact assessment for River Basin Management Plan for Scotland River Basin District _bstage 1 draft scoping report _h[electronic resource] |
| 260 |
_aEdinburgh _bScottish Government _c2008 |
||
| 520 | _aSets out information required in the development of River Basin Management Plans for the Scotland and Solway Tweed River Basin Districts. | ||
| 521 | _aAdvanced | ||
| 590 | _aKA | ||
| 651 | 4 |
_aScotland _y1999- |
|
| 690 | _aENVIRONMENTAL AND LAND CONSULTANCY-WATER RESOURCE MANAGEMENT | ||
| 856 | 4 | 0 |
_uhttps://www.scotland.gov.uk/Publications/2009/01/08093718/0 _zView the report free of charge at www.scotland.gov.uk... |
| 942 | _n0 | ||
| 999 |
_c109117 _d109117 |
||